1991 White House Conference on Aging : options and strategies : joint hearing before the Select Committee on Aging and the Subcommittee on Human Services of the Select Committee on Aging, House of Representatives, One Hundred First Congress, first session, June 26, 1989.

Bibliographic Details
Corporate Authors: United States. Congress. House. Select Committee on Aging, ProQuest (Firm), United States. Congress. House. Select Committee on Aging. Subcommittee on Human Services
Format: Government Document eBook
Language:English
Published: Washington : U.S. G.P.O., 1989.
Series:U.S. Congressional Hearings.
Subjects:
Online Access:Connect to the full text of this electronic book

MARC

Tag First Indicator Second Indicator Subfields
LEADER 00000cam a22000001a 4500
001 in00003212413
006 m d f
007 cr bn mmmapmmp
008 091020s1989 dcu o f000 0 eng d
005 20260504163433.7
035 |a cis2007454487 
040 |a UMI  |c UMI  |d UtOrBLW 
043 |a n-us--- 
074 |a 1009-B-2, 1009-C-2 (microfiche) 
086 0 |a Y 4.Ag 4/2:W 58/7 
088 |a Comm. pub. no. 101-721 (United States. Congress. House. Select Committee on Aging) 
099 |a HRG-1989-AGH-0008 
110 1 |a United States.  |b Congress.  |b House.  |b Select Committee on Aging. 
245 1 0 |a 1991 White House Conference on Aging :  |b options and strategies : joint hearing before the Select Committee on Aging and the Subcommittee on Human Services of the Select Committee on Aging, House of Representatives, One Hundred First Congress, first session, June 26, 1989. 
264 1 |a Washington :  |b U.S. G.P.O.,  |c 1989. 
300 |a 1 online resource. 
336 |a text  |b txt  |2 rdacontent 
337 |a computer  |b c  |2 rdamedia 
338 |a online resource  |b cr  |2 rdacarrier 
500 |a Record is based on bibliographic data in ProQuest Congressional Hearings Digital Collection. Reuse except for individual research requires license from ProQuest, LLC. 
538 |a System requirements: PDF reader software. 
500 |a Electronic resource. 
650 0 |a Older people  |x Government policy  |z United States  |v Congresses. 
650 0 |a Old age assistance  |z United States  |v Congresses. 
655 7 |a Electronic books.  |2 local 
710 2 |a ProQuest (Firm) 
710 1 |a United States.  |b Congress.  |b House.  |b Select Committee on Aging.  |b Subcommittee on Human Services. 
776 0 8 |i Print version:  |a United States. Congress. House. Select Committee on Aging.  |t 1991 White House Conference on Aging  |w (OCoLC)20348941  |w gp 89019934 
776 0 8 |i Microfiche version:  |a United States. Congress. House. Select Committee on Aging.  |t 1991 White House Conference on Aging.  |d [Bethesda, Md.] : ProQuest,[2004]  |o CIS 89 H141-26  |w (ProQuest)cis08900024 
830 0 |a U.S. Congressional Hearings. 
856 4 0 |u http://proxy.library.tamu.edu/login?url=https://congressional.proquest.com/congcomp/getdoc?HEARING-ID=HRG-1989-AGH-0008  |z Connect to the full text of this electronic book  |t 0 
998 |a cis08900024 
999 |a MARS 
999 f f |s cc86bb10-c126-3d2f-ba0e-241f2453b177  |i 2877b52a-2f1f-3307-b57f-3e1deffc0b0b  |t 0 
952 f f |a Texas A&M University  |b College Station  |c Electronic Resources  |s www_evans  |d Available Online  |t 0  |e HRG-1989-AGH-0008  |h Other scheme 
998 f f |a HRG-1989-AGH-0008  |t 0  |l Available Online